000 02037aab a2200469 a 4500
003 AR-RoUNA
008 140529||||||||||||||||| |||| 0|||| d
022 _a0394-9230
040 _aAR-RoUNA
_bspa
041 _aita
_aeng
080 _a72.036
100 1 _aZorzi, Renzo
_912765
245 _aZodiac
246 _bZodic 19. A review of contemporary architecture.
260 _aMilan (Italia) :
_bEdizioni di comunitá,
_c1969
300 _a277 p. :
_bil.
_bplantas
_bplanos
_c27x21 cm
505 _aBottero,Maria / Este número. p.5
505 _aFrederick Kiesler 1.923-1.964. p.19
505 _a Thornson Virgil/ Kiesler como creador de escenografias. p.27
505 _aBottero,Maria/ La abstracción cientifica y la búsqueda de lo concreto en la utopía de Buckminster Fuller. p.50
505 _aR. Buckminster Fuller/ La ciencia del diseño, un éxito económico de toda la humanidad. p.58
505 _aBuckminster Fuller/ Obras recientes. p.75
505 _aNeumann Alfred/ La arquitectura como ornamento. p.90
505 _aNeumann Alfred;Hecker/ Obras arquitectonicas. 99
505 _aAnne Griswold Tyng/ Extensiones geométrica de la conciencia. p.130
505 _aAnne Griswold Tyng/ Obras arquitectonicas. p.163
505 _aJohn McHale/ Ecologia global; hacia la sociedad planetaria. p.174
505 _aMoshe Safdie/ Nuevos requisitos ambientales para la construcción urbana. p.180
505 _aMoshe Safdie: obras arquitectónicas. p.183
505 _aWalter Kuhn, colaborador Joa-chim Steiner/ Estructuras cubicas con elementos obtenidos por la concretización de reticulaciones geométrcas . p.208
505 _aTraducciones al Ingles. p.223
505 _aTraducciones al Italiano. p.232
650 _aTorres
_9208
650 _aCine
_93804
650 _aTeatros
_9221
773 _aZodiac
_dMilan (talia) Edizioni di Comunita
_gnº 19 (1968), p.277
_x0394-9230
908 _aImp
930 _e7147
942 _2udc
_cART
945 _d2025-04-03
_aMBP
980 _81
_61
_aMBP
_gMaricel Allasia
999 _c11890
_d11890